000 01001nam a2200205Ii 4500
003 JO-AjNU
008 230605s9999||||xx |||||||||||||| ||und||
017 _a1996/11/1514
040 _aJO-AjNU
_bara
_erda
_cJO-AjNU
041 _aara
050 1 4 _aKMM158.2.M3232 1996
100 3 _aمدغمش، جمال,
_eauthor
_946383
245 0 0 _aمجموعة إجتهادات الهيئة العامة لمحكمة التمييز الأردنية في القضايا الحقوقية: المجموعة الكاملة لإجتهادات الهيئة العامة الصادرة في العقد الأخير مبوبة ومفهرسة بصورة مرجعية
264 3 1 _aعمان: د.ن، 1996
300 _a لا يوجد عدد صفحات
_bيشتمل على فهارس
336 _atext
_btxt
_2rdacontent
337 _aunmediated
_bn
_2rdamedia
338 _avolume
_bnc
_2rdacarrier
650 4 _aالمحاكم - قوانين وتشريعات - الاردن - قانون مدني - الاردن
_946384
999 _aA20173
_c23741
_d23741